|
|
|
|
| LEADER |
00000cac a2200000 a 4500 |
| 001 |
52989 |
| 003 |
Ucuenca |
| 005 |
20230308213450.0 |
| 008 |
000000|1961 sp||||||||r|||||||||||spa|| |
| 040 |
|
|
|b spa
|
| 041 |
0 |
|
|a spa
|
| 082 |
0 |
|
|a 465
|
| 100 |
1 |
|
|a García de Diego, Vicente
|d 1878-1978
|9 219786
|
| 245 |
|
|
|a Gramática histórica española
|c Vicente García de Diego
|h imp
|
| 250 |
|
|
|a 2a ed., revisada y aumentada
|
| 264 |
|
|
|a Madrid
|b Gredos
|c 1961
|
| 300 |
|
|
|a 442 páginas:
|c 20.5 cm
|
| 490 |
|
|
|a Manuales Universitario
|n no. 3
|
| 504 |
|
|
|a incl. ref.
|
| 520 |
3 |
|
|a los trabajos lingüísticos sobre la historia del español han sido posibles gracias a las luces del maestro de todos los romanistas españoles
|
| 650 |
|
0 |
|a Gramatica española
|9 10375
|
| 650 |
|
0 |
|a Gramática
|9 7307
|
| 852 |
|
|
|a UC-CDJBV
|f Donación
|l 1
|m General
|p 00000000
|r 2
|t 52989
|b 0
|d CDRC
|e CDRC
|g 415 ESTANTERIA CERRADA
|z 0000-00-00
|
| 852 |
|
|
|a UC-CDJBV
|f Donación
|l 2
|m General
|p 20160309
|q 3.00
|r 2
|t si11621
|b 0
|d CDRC
|e CDRC
|g 415 ESTANTERIA CERRADA
|z 2016-60-30
|
| 856 |
|
|
|a http://sibuc.ucuenca.edu.ec/portada/si11621-cdj.jpg
|
| 942 |
|
|
|c CR
|2 ddc
|z lourdes.naula@ucuenca.edu.ec
|
| 999 |
|
|
|c 125620
|d 125620
|